Základy makroekonomickej analýzy
Gespeichert in:
| 1. Verfasser: | |
|---|---|
| Format: | Buch |
| Sprache: | Slowakisch |
| Veröffentlicht: |
Trnava
KON-PRESS
1997
|
| Ausgabe: | 1. vyd. |
| Schlagworte: | |
| Tags: |
Keine Tags, Fügen Sie das erste Tag hinzu!
|
MARC
| LEADER | 00000nam a2200000 4500 | ||
|---|---|---|---|
| 001 | c021520 | ||
| 005 | 20221007085525.5 | ||
| 020 | |a 80-85413-29-9 | ||
| 020 | |a 80-85413-28-0 | ||
| 041 | 0 | |a slo | |
| 044 | |a SK | ||
| 245 | 1 | 0 | |a Základy makroekonomickej analýzy |c Pavol Vincúr |
| 250 | |a 1. vyd. | ||
| 264 | 1 | |a Trnava |b KON-PRESS |c 1997 | |
| 300 | |a 240 s. | ||
| 610 | 2 | 0 | |a analýza ekonomická |
| 610 | 2 | 0 | |a makroekonomika |
| 610 | 2 | 0 | |a účty národné |
| 610 | 2 | 0 | |a input-output |
| 610 | 2 | 0 | |a účtovníctvo |
| 610 | 2 | 0 | |a cykly obchodné |
| 610 | 2 | 0 | |a konjunktúra hospodárska |
| 610 | 2 | 0 | |a analýza štruktúrna |
| 610 | 2 | 0 | |a rovnováha hospodárska |
| 610 | 2 | 0 | |a 1990-1994 |
| 100 | 1 | |a Vincúr, Pavol | |